Holistic Approach to Ecosystem-Based Fisheries Management. Linking Biological Hierarchies for Sustainable Fishing.

में बचाया:
ग्रंथसूची विवरण
मुख्य लेखक: Arreguín-Sánchez, Francisco (लेखक)
स्वरूप: अज्ञात
प्रकाशित: Cham, Switzerland : Springer Nature Switzerland AG, 2022.
विषय:
टैग: टैग जोड़ें
कोई टैग नहीं, इस रिकॉर्ड को टैग करने वाले पहले व्यक्ति बनें!

MARC

LEADER 00000 a2200000 4500
003 CL-VaPUC
005 20220802081812.0
008 220714t2022 ||||| |||| 00| 0 eng d
999 |c 435932  |d 435930 
020 |a 9783030968465 
040 |c Pontificia Universidad Católica de Valparaíso 
082 7 |a 338.3727 ARR 2020  |2 22 
100 |a Arreguín-Sánchez, Francisco   |9 870497  |e author 
245 |a Holistic Approach to Ecosystem-Based Fisheries Management.  |b Linking Biological Hierarchies for Sustainable Fishing. 
260 |a Cham, Switzerland :  |b Springer Nature Switzerland AG,   |c 2022. 
300 |a 160 páginas.  
583 |k Cristina María Rojas Aguilar  |c 20220714 
650 |a Pesca sostenible   |9 873668 
650 |a Gestión pesquera   |9 873669 
650 |a Manejo de ecosistemas marinos  |9 873670 
942 |2 ddc  |c BK 
952 |0 0  |1 0  |2 ddc  |4 0  |6 338_372700000000000_ARR_2020  |7 0  |8 A  |9 584757  |a BIBCUR  |b BIBCUR  |c GEN  |d 2022-07-14  |e 74  |g 115645.00  |i 5652783  |o 338.3727 ARR 2020  |p 5652783  |r 2025-04-22  |t 1  |v 115645.00  |w 2022-07-14  |y BK  |k CIM